El dominio léxico adquirido en el proceso de comprensión lectora en formato hipertextual y multimedial (Registro nro. 150036)

Detalles MARC
001 - NÚMERO DE CONTROL
campo de control 597005
005 - FECHA Y HORA DE LA ÚLTIMA TRANSACCIÓN
campo de control 20260506084420.0
008 - DATOS DE LONGITUD FIJA--INFORMACIÓN GENERAL
campo de control de longitud fija 000525s2000 spa
035 ## - NÚMERO DE CONTROL DEL SISTEMA
Número de control de sistema 597005
035 ## - NÚMERO DE CONTROL DEL SISTEMA
Número de control de sistema (OCoLC)777773753
040 ## - FUENTE DE LA CATALOGACIÓN
Centro/agencia transcriptor comduadb
041 ## - CÓDIGO DE LENGUA
Código de lengua del texto/banda sonora o título independiente spa
080 ## - NÚMERO DE LA CLASIFICACIÓN DECIMAL UNIVERSAL
Número de la Clasificación Decimal Universal JH
082 #4 - NÚMERO DE LA CLASIFICACIÓN DECIMAL DEWEY
Número de clasificación 372
100 10 - ENTRADA PRINCIPAL--NOMBRE DE PERSONA
Nombre de persona Hernandez Cardona, Myriam del Pilar
Código de función aut
Término indicativo de función/relación Autor/a
9 (RLIN) 308540
245 13 - MENCIÓN DE TÍTULO
Título El dominio léxico adquirido en el proceso de comprensión lectora en formato hipertextual y multimedial
260 ## - PUBLICACIÓN, DISTRIBUCIÓN, ETC.
Lugar de publicación, distribución, etc. Medellín :
Nombre del editor, distribuidor, etc. [sin publicador],
Fecha de publicación, distribución, etc. 2000.
300 ## - DESCRIPCIÓN FÍSICA
Extensión p. + 1 CD-ROM
505 ## - NOTA DE CONTENIDO CON FORMATO
Nota de contenido con formato CD-ROM complementario: La región natural del Pacífico Colombiano.
650 ## - PUNTO DE ACCESO ADICIONAL DE MATERIA--TÉRMINO DE MATERIA
Término de materia o nombre geográfico como elemento de entrada Lectoescritura - Enseñanza
9 (RLIN) 19566
650 ## - PUNTO DE ACCESO ADICIONAL DE MATERIA--TÉRMINO DE MATERIA
Término de materia o nombre geográfico como elemento de entrada Comprension de lectura - Ensenanza secundaria
9 (RLIN) 65905
650 ## - PUNTO DE ACCESO ADICIONAL DE MATERIA--TÉRMINO DE MATERIA
Término de materia o nombre geográfico como elemento de entrada Multimedios
9 (RLIN) 51982
650 ## - PUNTO DE ACCESO ADICIONAL DE MATERIA--TÉRMINO DE MATERIA
Término de materia o nombre geográfico como elemento de entrada Léxico
9 (RLIN) 87337
650 #7 - PUNTO DE ACCESO ADICIONAL DE MATERIA--TÉRMINO DE MATERIA
Término de materia o nombre geográfico como elemento de entrada Lectura
Fuente del encabezamiento o término lemb
9 (RLIN) 3084
650 #7 - PUNTO DE ACCESO ADICIONAL DE MATERIA--TÉRMINO DE MATERIA
Término de materia o nombre geográfico como elemento de entrada Enseñanza con ayuda de computadores
Fuente del encabezamiento o término lemb
9 (RLIN) 164
650 ## - PUNTO DE ACCESO ADICIONAL DE MATERIA--TÉRMINO DE MATERIA
Término de materia o nombre geográfico como elemento de entrada Tesis y disertaciones académicas de posgrado
9 (RLIN) 119486
650 #7 - PUNTO DE ACCESO ADICIONAL DE MATERIA--TÉRMINO DE MATERIA
Término de materia o nombre geográfico como elemento de entrada Sistemas hipertexto
Fuente del encabezamiento o término armarc
9 (RLIN) 39775
942 ## - ELEMENTOS DE ENTRADA AGREGADA (KOHA)
Tipo de ítem Koha Libros
Existencias
Estado de retiro Estado de pérdida Estado dañado No para préstamo Código de colección Localización permanente Ubicación/localización actual Fecha de adquisición Número de inventario Total de préstamos Signatura topográfica completa Código de barras Fecha visto por última vez Número de copia Precio válido a partir de Tipo de ítem Koha
        Colección de Tesis. Piso 2 Biblioteca Carlos Gaviria Díaz, Campus Medellín Biblioteca Carlos Gaviria Díaz, Campus Medellín 25/05/2000 C634375   372.41 H557d 61000003732951 22/04/2023 1 22/04/2023 Libros
        Colección de Tesis Digitales. Piso 2 Biblioteca Carlos Gaviria Díaz, Campus Medellín Biblioteca Carlos Gaviria Díaz, Campus Medellín 25/05/2000 C634376   372.41 H557 CD-ROM 61000003733074 22/04/2023 2 22/04/2023 Libros
        Colección de Tesis Digitales. Piso 2 Biblioteca Carlos Gaviria Díaz, Campus Medellín Biblioteca Carlos Gaviria Díaz, Campus Medellín 18/05/2001 C682114   372.41 H557 CD-ROM e2 61000003942105 22/04/2023 3 22/04/2023 Libros
        Colección General Centro Documentación Educación (Bl. 9-140) Centro Documentación Educación (Bl. 9-140) 06/12/2005 C891187   JH/0250 0591768 22/04/2023 4 22/04/2023 Libros
        Colección Digital (Discos Ópticos, DVD) Centro Documentación Educación (Bl. 9-140) Centro Documentación Educación (Bl. 9-140) 02/06/2006 C907346   JH/0250 0594847 22/04/2023 5 22/04/2023 Libros